Genologické a medziliterárne štúdie 4 Prieniky do areálu

Bibliographic Details
Other Authors: Žemberová, Viera, 1948- (Compiler)
Format: Book
Language:Slovak
Czech
PhysicalDescription:193 s. 21 cm
Published: Prešov Filozofická fakulta Prešovskej univerzity 2011
ISBN:9788055504100 (brož.)
Edition:1. vyd.
Series:Acta Facultatis Philosophicae Universitatis Prešoviensis Literárnovedý zborník
Subjects:

MARC

LEADER 00000cam a2200000 a 4500
001 vtls010336323
003 SK-MaSNL
005 20260301084913.0
008 150827s2011 xo f 000 0 slo
015 |a SNBA2012/03-01784 
020 |a 9788055504100 (brož.) 
035 |a 73C98357-9E36-467D-963F-975D9D464E2F 
035 |a urn:nbn:sk:snk-amjjmo 
035 |a urn:nbn:sk:snk-am000yd1 
040 |a SNK  |b slo  |c SNK  |e AACR2 
041 0 |a slo  |a cze 
044 |a xo  |c SK 
072 7 |a 82.0  |x Literatúra (teória)  |2 konspekt 
080 |a 82.0  |2 2001 
080 |a 82-1/-9  |2 2001 
080 |a 821(100)  |2 2001 
080 |a 821.162.4  |2 2001 
080 |a (082)  |2 2001 
245 0 0 |a Genologické a medziliterárne štúdie  |n 4  |p Prieniky do areálu  |c [zostavila: Viera Žemberová] 
246 3 0 |a Prieniky do areálu 
250 |a 1. vyd. 
260 |a Prešov  |b Filozofická fakulta Prešovskej univerzity  |c 2011 
300 |a 193 s.  |c 21 cm 
366 |e 80 výt. 
490 1 |a Acta Facultatis Philosophicae Universitatis Prešoviensis  |v 319/400  |a Literárnovedý zborník  |v 35 
500 |a Súčasť riešienia grant. projektu VEGA 1/0025/09 Genologické a medziliterárne štúdie 
504 |a Bibliogr. odkazy 
546 |a Text aj čes. 
650 0 7 |a genológia  |2 SNKPH  |9 24145 
650 0 7 |a literárna veda  |2 SNKPH  |9 1137 
650 0 7 |a literárne žánre  |2 SNKPH  |9 58545 
650 0 7 |a svetová literatúra  |2 SNKPH  |9 1433 
650 0 7 |a slovenská literatúra  |2 SNKPH  |9 1115 
650 0 7 |a Genology (literature)  |2 SNKPHeng  |9 414109 
650 0 7 |a Literary studies  |2 SNKPHeng  |9 265625 
650 0 7 |a Literary forms  |2 SNKPHeng  |9 284229 
650 0 7 |a World literature  |2 SNKPHeng  |9 265627 
650 0 7 |a Slovak literature  |2 SNKPHeng  |9 265073 
655 7 |a zborníky  |2 SNKPH  |9 70165 
655 7 |a Miscellanea  |2 SNKPHeng  |9 265155 
700 1 |a Žemberová, Viera,  |d 1948-  |4 com  |9 99575 
830 0 |a Acta Facultatis Philosophicae Universitatis Prešoviensis  |p Literárnovedý zborník  |9 414110 
919 |a 978-80-555-0410-0 
958 |a NB 
968 |d 82 
999 |c 664521  |d 666451 
952 |a SNK  |b SNK  |y PREZ  |7 0  |p 17A0877913  |o snkSC 148305  |i snk2012/3742  |8 0  |0 0  |1 0  |4 0  |d 2012-02-13  |l 0  |r 2025-07-17 00:00:00  |w 2026-02-23 
952 |a SNK  |b SNK  |y VYP  |7 0  |p 17A0877914  |o snkSC 148305 D1  |i snk2012/3743  |8 0  |0 0  |1 0  |4 0  |d 2012-02-13  |f 1  |l 0  |r 2026-02-23 19:05:24  |w 2026-02-23